000 00777nam a2200289Ia 4500
008 160716s9999||||xx |||||||||||||| ||und||
040 _cEnglish
082 _aXI.B/Majumdar
082 _bBORI-60981
100 _aRamesh Chandra Majumdar
245 _aExpansion of aryan Culture in eastern India
260 _aManipur
260 _bSai Sharma
260 _c1968
300 _avi+52
300 _cB
300 _ePaperbook
530 _u00060981.pdf
563 _aStudy
600 _aRamesh Chandra Majumdar
630 _aExpansion of aryan Culture in eastern India
650 _a"Social History,Culture"
650 _aGeneral Indology
700 _aRamesh Chandra Majumdar
730 _aExpansion of aryan Culture in eastern India
942 _cBOOK
999 _c1397410
_d1397407